000 00415nam a2200145Ia 4500
008 151213s9999 xx 000 0 und d
100 _aGeetanjali Mukharjee
245 _aSeamus Heaney Selected Poems
_cGeetanjali Mukharjee
260 _aNew Delhi
_bFriends Book Corner
_c2009
300 _a7084 p.
650 _aEnglish Literature
650 _aEnglish Literature
700 _aGeetanjali Mukharjee
999 _c3752
_d3752